000 00327nam a22001457a 4500
003 OSt
005 20160727222416.0
008 160625b xxu||||| |||| 00| 0 eng d
040 _cTEST
100 _91123
_a North, S
245 _aThe Wolfing
260 _aN.Y
_b E.P.Dutton &Co
_c1969
300 _aThe Wolfing
942 _2ddc
_cBK
999 _c907
_d907